| 000 | 01087nam a22002297a 4500 | ||
|---|---|---|---|
| 999 |
_c58513 _d58513 |
||
| 003 | Ge_BSU | ||
| 005 | 20220513105749.0 | ||
| 008 | 220513s2021 ge ||||| |||| 00| 0 geo d | ||
| 020 | _a9789941460753 | ||
| 041 | _ageo | ||
| 080 | _a94(479.22-22) + 821.353.1-94 ბ-25 | ||
| 100 |
_aბარამიძე, ნოდარ _913724 |
||
| 245 |
_aჩემი გადასახედიდან / _cნოდარ ბარამიძე ; რედაქტორი მიხეილ მახარაძე. |
||
| 250 | _aმეორე შევსებული გამოცემა | ||
| 264 |
_aბათუმი : _b ”გამომცემლობა აჭარა”, _c2021. |
||
| 300 |
_a119 გვ.: _bსურ.; _c20 სმ. |
||
| 501 | _aდანართი გვ. 103-117 | ||
| 504 | _aბიბლიოგრ. გვ.86-102 | ||
| 653 | _aსაქართველოს სოფლების ისტორია. | ||
| 700 |
_aმახარაძე, მიხეილ _eრედაქტორი. _913725 |
||
| 942 |
_2udc _cBK |
||